| 000 | 01110nam a22003017a 4500 | ||
|---|---|---|---|
| 005 | 20240530110448.0 | ||
| 008 | 150502s2011 ua ao f 000 0 ara d | ||
| 017 |
_a2007/25326 _bمصر . دار الكتب المصرية |
||
| 020 | _a9789776276925 | ||
| 040 | _aEG-CaGPL | ||
| 082 | 0 | 4 |
_221 _a916.22 _bق/ع م |
| 100 | 0 | _aعائشة التهامى | |
| 245 | 1 | 0 |
_aملامح من حضارة الفيوم : _bالقبطية والاسلامية والطبيعية / _cعائشة التهامى |
| 300 |
_aمتعدد : _bصور ؛ _c24 سم . |
||
| 650 | 0 | 4 |
_aالاديرة _xاثار |
| 650 | 0 | 4 | _aالجامع المعلق |
| 650 | 0 | 4 | _aمسجد الشيخ على الروبى |
| 650 | 0 | 4 | _aعين السلين |
| 650 | 0 | 4 | _aمحمية وادى الريان |
| 650 | 0 | 4 | _aمحمية قارون |
| 650 | 0 | 4 |
_aالمحميات الطبيعية _zالفيوم |
| 650 | 0 | 4 |
_aالمساجد _zالفيوم |
| 650 | 0 | 4 |
_aالمساجد _zمصر |
| 650 | 0 | 4 |
_aالاديرة _zالفيوم |
| 651 | 0 | 4 |
_aالفيوم _xاثار |
| 942 |
_2ddc _cBK |
||
| 999 |
_c61202 _d61202 |
||